000 00643nam a2200193Ia 4500
008 151121s9999||||xx |||||||||||||| ||und||
082 _a813/देशपां
082 _bHNW-116061
100 _aदेशपांडे रमाकांत
245 _aनाना भरारी
260 _b"मनोरमा प्रकाशन, मुंबई।"
260 _c2014
300 _a176
600 _aदेशपांडे रमाकांत
630 _aनाना भरारी
700 _aदेशपांडे रमाकांत
730 _aनाना भरारी
942 _cBOOK
999 _c1264738
_d1264735